[Event "CRO-chT3 West"]
[Site "Croatia"]
[Date "2017.03.26"]
[Round "2.4"]
[White "Duda, Daniel1"]
[Black "Tomac, Vanja"]
[Result "1/2-1/2"]
[WhiteElo "1847"]
[BlackElo "1926"]
[PlyCount "43"]
[EventDate "2017.03.25"]
[EventType "team-tourn"]
[EventRounds "9"]
[EventCountry "CRO"]
[SourceTitle "EXT 2019"]
[Source "ChessBase"]
[SourceDate "2018.10.10"]
[SourceVersion "1"]
[SourceVersionDate "2018.10.10"]
[SourceQuality "1"]

1. d4 Nf6 2. c4 g6 3. Nc3 Bg7 4. e4 d6 5. Nf3 0-0 6. Be2 h6 7. 0-0 c6 8. h3 Nbd7 9. Be3 Qc7 10. Qd2 Kh7 11. Rab1 c5 12. d5 a6 13. Nh2 Ng8 14. f4 Rd8 15. Nf3 Nf8 16. Bd3 e6 17. a3 f5 18. exf5 exf5 19. b4 b6 20. Rfe1 Re8 21. bxc5 bxc5 22. Qc2 1/2-1/2

[Event "CRO-chT3 West"]
[Site "Croatia"]
[Date "2017.03.25"]
[Round "1.2"]
[White "Ban, Ivoslav"]
[Black "Tomac, Vanja"]
[Result "0-1"]
[WhiteElo "2009"]
[BlackElo "1926"]
[PlyCount "80"]
[EventDate "2017.03.25"]
[EventType "team-tourn"]
[EventRounds "9"]
[EventCountry "CRO"]
[SourceTitle "EXT 2019"]
[Source "ChessBase"]
[SourceDate "2018.10.10"]
[SourceVersion "1"]
[SourceVersionDate "2018.10.10"]
[SourceQuality "1"]

1. e4 d5 2. exd5 Qxd5 3. Nf3 c6 4. d4 Bg4 5. Be2 Nf6 6. h3 Bh5 7. Be3 Qa5+ 8. c3 e6 9. 0-0 Nd5 10. Nbd2 Nd7 11. Nc4 Qc7 12. Nfe5 Bxe2 13. Qxe2 Nxe5 14. Nxe5 Bd6 15. Nc4 Bf4 16. Bxf4 Qxf4 17. Ne5 0-0 18. Rae1 Rfe8 19. Qc2 Qg5 20. Nf3 Qg6 21. Qd2 f6 22. Re2 Re7 23. Rfe1 Rae8 24. c4 Nb6 25. b3 Nc8 26. c5 Qf7 27. Qc3 Qh5 28. Re4 Qd5 29. Qe3 b6 30. cxb6 axb6 31. Rc1 Nd6 32. Rg4 Nf5 33. Qc3 h5 34. Rf4 g5 35. Rxf5 exf5 36. Qxc6 Qxc6 37. Rxc6 Re6 38. d5 Rxc6 39. dxc6 Rd8 40. Nd4 Rxd4 0-1

[Event "CRO-chT2 West"]
[Site "Croatia"]
[Date "2014.03.30"]
[Round "6.24"]
[White "Tomac, Vanja"]
[Black "Podobnik, Marijan"]
[Result "0-1"]
[WhiteElo "1895"]
[BlackElo "2163"]
[PlyCount "60"]
[EventDate "2014.03.15"]
[EventType "team-tourn"]
[EventRounds "9"]
[EventCountry "CRO"]
[SourceTitle "EXT 2019"]
[Source "ChessBase"]
[SourceDate "2018.10.10"]
[SourceVersion "1"]
[SourceVersionDate "2018.10.10"]
[SourceQuality "1"]
[WhiteTeam "Delnice"]
[BlackTeam "Rijeka Kvarner"]
[WhiteTeamCountry "CRO"]
[BlackTeamCountry "CRO"]

1. d4 Nf6 2. c4 g6 3. Nc3 d5 4. Nf3 Bg7 5. e3 0-0 6. cxd5 Nxd5 7. Bc4 Nb6 8. Bb3 c5 9. 0-0 cxd4 10. Nxd4 a6 11. Qf3 e5 12. Nde2 Nc6 13. e4 Nd4 14. Nxd4 exd4 15. Rd1 Qh4 16. Ne2 Bg4 17. Qd3 Nd7 18. Re1 Nc5 19. Qg3 Qxg3 20. Nxg3 Nxb3 21. axb3 Rac8 22. h3 Be6 23. Ra4 d3 24. e5 Bxe5 25. Ne4 Bxb3 26. Ra5 Bg7 27. Nd6 Rxc1 28. Rxc1 d2 29. Rac5 dxc1Q+ 30. Rxc1 Bd5 0-1

[Event "CRO-chT2 West"]
[Site "Rijeka"]
[Date "2012.04.22"]
[Round "5.51"]
[White "Stefan, Mario"]
[Black "Tomac, Vanja"]
[Result "0-1"]
[WhiteElo "1916"]
[BlackElo "1811"]
[PlyCount "42"]
[EventDate "2012.03.17"]
[EventType "team-tourn"]
[EventRounds "9"]
[EventCountry "CRO"]
[SourceTitle "EXT 2013"]
[Source "ChessBase"]
[SourceDate "2012.11.22"]
[SourceVersion "1"]
[SourceVersionDate "2012.11.22"]
[SourceQuality "1"]

1. Nf3 Nf6 2. d4 d5 3. e3 Bg4 4. Bd3 Nbd7 5. Nbd2 c5 6. c3 e6 7. Qe2 Bd6 8. e4 dxe4 9. Nxe4 Nxe4 10. Bxe4 Qc7 11. h3 Bh5 12. dxc5 Nxc5 13. Bc2 Qc6 14. Bd2 Bxf3 15. gxf3 0-0-0 16. b4 Nd7 17. c4 f5 18. 0-0 Ne5 19. b5 Qxf3 20. Qe1 Qxh3 21. f4 Bc5+ 0-1

[Event "CRO-chT2 West"]
[Site "Rijeka"]
[Date "2012.03.18"]
[Round "3.41"]
[White "Lazic, Dusko"]
[Black "Tomac, Vanja"]
[Result "0-1"]
[WhiteElo "2028"]
[BlackElo "1811"]
[PlyCount "122"]
[EventDate "2012.03.17"]
[EventType "team-tourn"]
[EventRounds "9"]
[EventCountry "CRO"]
[SourceTitle "EXT 2013"]
[Source "ChessBase"]
[SourceDate "2012.11.22"]
[SourceVersion "1"]
[SourceVersionDate "2012.11.22"]
[SourceQuality "1"]

1. d4 d5 2. c4 e6 3. Nc3 Nf6 4. Bg5 Be7 5. e3 0-0 6. Nf3 b6 7. Rc1 Bb7 8. cxd5 Nxd5 9. Bxe7 Qxe7 10. Bd3 c6 11. 0-0 Nd7 12. Qd2 c5 13. e4 cxd4 14. Nxd5 exd5 15. exd5 Bxd5 16. Nxd4 Nf6 17. Qg5 h6 18. Qxg7+ Kxg7 19. Nf5+ Kh8 20. Nxe7 Bxa2 21. Rc6 Be6 22. f4 Rae8 23. Nf5 Bxf5 24. Bxf5 Ng8 25. Kf2 Rd8 26. Ke3 Rfe8+ 27. Kf3 Kg7 28. Rc7 Re7 29. Rfc1 Rd2 30. Rxe7 Nxe7 31. Rc2 Rd4 32. Be4 Rb4 33. Ke3 f5 34. Bf3 a5 35. h3 b5 36. g3 Rb3+ 37. Kf2 a4 38. g4 b4 39. gxf5 Nxf5 40. Be4 Nd6 41. Bd5 Rd3 42. Bf3 Rb3 43. Rd2 Nc4 44. Rd7+ Kf8 45. Bd5 Rxb2+ 46. Ke1 Nb6 47. Rf7+ Ke8 48. Be6 a3 49. Ra7 Rc2 50. f5 Rc6 51. Kd1 Rd6+ 52. Kc2 Nd7 53. Kb3 Rd4 54. Kc2 Nc5 55. Bf7+ Kf8 56. Ba2 Rf4 57. Be6 b3+ 58. Kc3 Rf3+ 59. Kb4 Nxe6 60. Kxa3 Nd4 61. Rd7 Nxf5 0-1

[Event "Mediterranean op 5th"]
[Site "Rijeka"]
[Date "2011.11.15"]
[Round "5"]
[White "Tomac, Vanja"]
[Black "Rimanic, Luka"]
[Result "1-0"]
[WhiteElo "1779"]
[BlackElo "1997"]
[PlyCount "129"]
[EventDate "2011.11.11"]
[EventType "swiss"]
[EventRounds "9"]
[EventCountry "CRO"]
[SourceTitle "EXT 2012"]
[Source "ChessBase"]
[SourceDate "2011.11.24"]
[SourceVersion "1"]
[SourceVersionDate "2011.11.24"]
[SourceQuality "1"]

1. d4 Nf6 2. c4 e6 3. Nc3 Bb4 4. a3 Bxc3+ 5. bxc3 b6 6. Bg5 d6 7. e4 e5 8. Nf3 Nbd7 9. Qa4 0-0 10. Rd1 Qe7 11. Qc6 Ba6 12. Bd3 Rab8 13. Qa4 Bb7 14. 0-0 h6 15. Bh4 g5 16. Nxg5 hxg5 17. Bxg5 Kg7 18. f4 Rg8 19. fxe5 dxe5 20. dxe5 Qc5+ 21. Kh1 Qxe5 22. Rf5 Qe6 23. Rdf1 Bxe4 24. Bxe4 Nxe4 25. Rxf7+ Kg6 26. Re7 Qg4 27. Qc6+ Nd6 28. Rxd7 Kxg5 29. Qxc7 Nf5 30. Rd5 Rbf8 31. h3 Qh4 32. Rdxf5+ Rxf5 33. Qe7+ Kg6 34. Qxh4 Rxf1+ 35. Kh2 Rgf8 36. Qe4+ Kg7 37. Kg3 R1f5 38. h4 Rc5 39. Qg4+ Kh6 40. Qe6+ Kg7 41. Kg4 Rf6 42. Qd7+ Rf7 43. Qd4+ Kh7 44. g3 Rfc7 45. Qd3+ Kh6 46. Qe3+ Kh7 47. Kh3 Rxc4 48. h5 R4c6 49. Kh4 a5 50. g4 Kg7 51. Qd4+ Kh7 52. Kg5 Rc5+ 53. Kh4 R5c6 54. a4 Kg8 55. Qd5+ Kg7 56. c4 Rxc4 57. Qg5+ Kh8 58. Qf6+ Kh7 59. Qg6+ Kh8 60. h6 R4c6 61. Qe8+ Kh7 62. g5 Rg6 63. Kh5 Rcc6 64. Qf7+ Kh8 65. Qxg6 1-0

[Event "CRO-chT3 West"]
[Site "Croatia"]
[Date "2011.04.10"]
[Round "6.55"]
[White "Tomulic, Vesna"]
[Black "Tomac, Vanja"]
[Result "1/2-1/2"]
[WhiteElo "1944"]
[BlackElo "1746"]
[PlyCount "88"]
[EventDate "2011.03.12"]
[EventType "team-tourn"]
[EventRounds "9"]
[EventCountry "CRO"]
[SourceTitle "EXT 2014"]
[Source "ChessBase"]
[SourceDate "2013.11.20"]
[SourceVersion "1"]
[SourceVersionDate "2013.11.20"]
[SourceQuality "1"]

1. e4 d5 2. exd5 Qxd5 3. Nc3 Qa5 4. d4 c6 5. Nf3 Bg4 6. Be2 Nf6 7. 0-0 e6 8. Ne5 Bxe2 9. Qxe2 Bd6 10. Nc4 Qc7 11. Nxd6+ Qxd6 12. Rd1 0-0 13. Ne4 Nxe4 14. Qxe4 Nd7 15. Bf4 Qd5 16. Qd3 Nf6 17. Re1 Rad8 18. c3 Qh5 19. Re5 Qg6 20. Qf3 Rd5 21. Rae1 Rfd8 22. h3 Nh5 23. Bh2 Nf6 24. Bg3 Nd7 25. Rxd5 cxd5 26. Qe2 a6 27. Qd2 Rc8 28. Qf4 Qc2 29. Qd6 Nf6 30. Qb6 Qd2 31. Rf1 Ne4 32. Qxb7 Re8 33. Qb3 Qd3 34. Qd1 Qc4 35. Qb3 Qe2 36. Qa4 Rc8 37. Qd7 Qc4 38. Bf4 g5 39. Bc1 h6 40. h4 Rc7 41. Qd8+ Kg7 42. hxg5 hxg5 43. f3 Rc8 44. Qe7 Rc7 1/2-1/2

[Event "CRO-chT3 West"]
[Site "Croatia"]
[Date "2011.03.13"]
[Round "3.35"]
[White "Tomac, Vanja"]
[Black "Rafaelic, Denis"]
[Result "1-0"]
[WhiteElo "1746"]
[BlackElo "1728"]
[PlyCount "61"]
[EventDate "2011.03.12"]
[EventType "team-tourn"]
[EventRounds "9"]
[EventCountry "CRO"]
[SourceTitle "EXT 2014"]
[Source "ChessBase"]
[SourceDate "2013.11.20"]
[SourceVersion "1"]
[SourceVersionDate "2013.11.20"]
[SourceQuality "1"]

1. e4 c5 2. Nf3 d6 3. Bb5+ Nc6 4. d4 cxd4 5. Nxd4 Bd7 6. 0-0 Nf6 7. Re1 e6 8. c4 Be7 9. Nc3 0-0 10. Bg5 a6 11. Nxc6 bxc6 12. Ba4 Rb8 13. Re2 Qc7 14. Rd2 Rb7 15. Qe2 Rfb8 16. Rad1 Qa5 17. e5 Nd5 18. Bxe7 Nxc3 19. bxc3 Qxa4 20. Bxd6 Re8 21. Bc5 Qa5 22. Bb4 Qd8 23. Qe4 Qc8 24. c5 g6 25. Qc4 Rb5 26. Rxd7 a5 27. a4 Rb8 28. Qf4 Rf8 29. Ba3 Qxd7 30. Rxd7 Rb1+ 31. Bc1 1-0

[Event "CRO-chT3 West"]
[Site "Croatia"]
[Date "2010.10.23"]
[Round "7.16"]
[White "Tomac, Vanja"]
[Black "Mrdjen, David"]
[Result "0-1"]
[WhiteElo "1690"]
[BlackElo "1979"]
[PlyCount "108"]
[EventDate "2010.03.27"]
[EventType "team-tourn"]
[EventRounds "9"]
[EventCountry "CRO"]
[SourceTitle "EXT 2012"]
[Source "ChessBase"]
[SourceDate "2011.11.24"]
[SourceVersion "1"]
[SourceVersionDate "2011.11.24"]
[SourceQuality "1"]

1. d4 Nf6 2. c4 d6 3. Nc3 g6 4. e4 Bg7 5. Nf3 0-0 6. Bg5 Nc6 7. h3 h6 8. Be3 Nd7 9. Be2 e5 10. d5 Ne7 11. Qd2 Kh7 12. g4 a6 13. 0-0 b6 14. Nh2 g5 15. b4 a5 16. a3 Ng6 17. Ra2 Nf4 18. Bxf4 gxf4 19. Kg2 Rg8 20. f3 Bf6 21. Rh1 Bh4 22. Nf1 Nf8 23. Nd1 Kh8 24. b5 f5 25. Kh2 fxe4 26. fxe4 Ng6 27. Bf3 Bg5 28. Nf2 Nh4 29. Qe2 Bd7 30. Nd2 Qe7 31. Rg1 Rgf8 32. Raa1 Rf7 33. Bg2 f3 34. Nxf3 Nxf3+ 35. Bxf3 Raf8 36. Rg3 Bf4 37. Rag1 Qh4 38. Nd3 Bxg3+ 39. Rxg3 Qg5 40. Kg2 Rg7 41. Kh2 Qh4 42. Qg2 Qg5 43. Bd1 Rgf7 44. Qe2 Rf1 45. Kg2 Qg6 46. a4 Be8 47. h4 Qf6 48. g5 Qe7 49. Qg4 h5 50. Qe2 Bg6 51. Re3 Qh7 52. Bc2 Qf7 53. Bd1 Qd7 54. Bc2 Qf7 0-1